| 000 | 01052cam a2200313 4500 | ||
|---|---|---|---|
| 999 |
_c28895 _d28866 |
||
| 001 | 4159412 | ||
| 003 | EG-ScBUE | ||
| 005 | 20201011091704.0 | ||
| 008 | 720119t1972 nju f b 000 0 eng d | ||
| 020 | _a0131695320 | ||
| 040 |
_aDLC _beng _erda _cDLC _dDLC _dEG-ScBUE |
||
| 082 | 0 | 4 |
_a300.1 _bCON _222 |
| 245 | 1 | 0 |
_aContemporary analytical theory / _cedited by David E. Apter, Yale University and Charles F. Andrain, San Diego State College. |
| 264 | 1 |
_aNew Jersey : _bPrentice-Hall, Inc., _c[1972] |
|
| 264 | 4 | _cc1972 | |
| 300 |
_ax, 688 pages ; _c24 cm |
||
| 336 |
_2rdacontent _atext _btxt |
||
| 337 |
_2rdamedia _aunmediated _bn |
||
| 338 |
_2rdacarrier _avolume _bnc |
||
| 350 | _a$12.50 | ||
| 504 | _aIncludes bibliographical references. | ||
| 650 | 7 |
_aSocial sciences _xMethodology. _2BUEsh |
|
| 653 |
_bGGEN _cOctober2020 |
||
| 655 | _vReading book | ||
| 700 | 1 |
_aApter, David E. _q(David Ernest), _d1924-2010, _eeditor. |
|
| 700 | 1 |
_aAndrain, Charles F., _eeditor. |
|
| 906 |
_a7 _bcbc _corignew _d2 _encip _f19 _gy-gencatlg |
||
| 942 |
_2ddc _cBB |
||